Loading...
വോൾട്ടയർ /
| Format: | Printed Book |
|---|---|
| Language: | Malayalam |
| Published: |
കോഴിക്കോട് :
മാതൃഭൂമി ബുക്സ് ,
2011.
|
| Edition: | 1st |
| Subjects: |
| LEADER | 00613nam a22001697a 4500 | ||
|---|---|---|---|
| 008 | 211224b2011 II ||||| |||| 00| 0 M d | ||
| 020 | |a 9 788182 652286 | ||
| 041 | |a mal | ||
| 245 | |a വോൾട്ടയർ / |c പി ആർ, രവി. | ||
| 246 | |a Voltaire | ||
| 250 | |a 1st | ||
| 260 | |a കോഴിക്കോട് : |b മാതൃഭൂമി ബുക്സ് , |c 2011. | ||
| 300 | |a 127pages. | ||
| 650 | 7 | |2 fast |9 1129661 |a Poets, Malayalam |x Biography | |
| 942 | |c BK | ||
| 999 | |c 364807 |d 364807 | ||
| 952 | |0 0 |1 0 |2 ddc |4 0 |7 0 |9 425222 |a MAL |b MAL |c ST1 |d 2021-12-24 |g 90.00 |i 40891 |l 0 |p MAL40891 |r 2021-12-24 |w 2021-12-24 |y BK | ||